Statistics for Complete Works - Johannes Brahms

Click here to take the quiz!

General Stats

  • This quiz has been taken 17 times
  • The average score is 71 of 125

Answer Stats

Op.ScoringWork% Correct
15Piano, OrchestraPiano Concerto No. 1 in D minor
100%
83Piano, OrchestraPiano Concerto No. 2 in Bb major
100%
68OrchestraSymphony No. 1 in C minor
100%
73OrchestraSymphony No. 2 in D major
100%
90OrchestraSymphony No. 3 in F major
100%
98OrchestraSymphony No. 4 in E minor
100%
51Violins, Viola, Cello2 String Quartets
88%
1PianoPiano Sonata No. 1 in C major
88%
2PianoPiano Sonata No. 2 in F# minor
88%
5PianoPiano Sonata No. 3 in F minor
88%
8Piano, Violin, CelloPiano Trio No. 1 in B major/minor
88%
87Piano, Violin, CelloPiano Trio No. 2 in C major
88%
101Piano, Violin, CelloPiano Trio No. 3 in C minor
88%
34b2 PianosSonata for Two Pianos in F minor
88%
67Violins, Viola, CelloString Quartet No. 3 in Bb major
88%
77Violin, OrchestraViolin Concerto in D major
88%
78Violin, PianoViolin Sonata No. 1 in G major ("Rain")
88%
100Violin, PianoViolin Sonata No. 2 in A major
88%
108Violin, PianoViolin Sonata No. 3 in D minor
88%
44Chorus, Piano12 Songs and Romances
75%
21Piano2 Sets of Variations
75%
91Voice, Viola, Piano2 Songs for Alto Voice with Viola and Piano
75%
96Voice, Piano4 Songs
75%
70Voice, Piano4 Songs
75%
43Voice, Piano4 Songs
75%
46Voice, Piano4 Songs
75%
84Voice, Piano5 Romances and Songs
75%
94Voice, Piano5 Songs
75%
49Voice, Piano5 Songs
75%
41Voice5 Songs
75%
71Voice, Piano5 Songs
75%
72Voice, Piano5 Songs
75%
47Voice, Piano5 Songs
75%
107Voice, Piano5 Songs
75%
106Voice, Piano5 Songs
75%
7Voice, Piano6 Songs
75%
86Voice, Piano6 Songs
75%
85Voice, Piano6 Songs
75%
6Voice, Piano6 Songs
75%
97Voice, Piano6 Songs
75%
3Voice, Piano6 Songs
75%
93Chorus6 Songs and Romances
75%
62Chorus7 Lieder
75%
95Voice, Piano7 Songs
75%
48Voice, Piano7 Songs
75%
58Voice, Piano8 Songs
75%
57Voice, Piano8 Songs
75%
59Voice, Piano8 Songs
75%
14Voice, Piano8 Songs and Romances
75%
32Voice, Piano9 Songs
75%
69Voice, Piano9 Songs
75%
63Voice, Piano9 Songs
75%
38Cello, PianoCello Sonata No. 1 in E minor
75%
99Cello, PianoCello Sonata No. 2 in F major
75%
114Clarinet, Cello, PianoClarinet Trio in A minor
75%
42ChorusDrei Gesänge
75%
45Chorus, Orchestra, OrganEin deutsches Requiem
75%
104ChorusFünf Gesänge
75%
105Voice, PianoFünf Lieder
75%
34Piano, Violins, Viola, CelloPiano Quintet in F minor
75%
18Violins, Violas, CellosString Sextet No. 1 in Bb major
75%
36Violins, Violas, CellosString Sextet No. 2 in G major
75%
18bPianoTheme and Variations in D minor
75%
121Voice, PianoVier ernste Gesänge
75%
17Chorus, Horns, HarpVier Gesänge
75%
120Clarinet, Piano2 Clarinet Sonatas
63%
117Piano3 Intermezzi
63%
102Violin, Cello, OrchestraDouble Concerto in A minor
63%
40Horn, Violin, PianoHorn Trio in Eb major
63%
25Piano, Violin, Viola, CelloPiano Quartet No. 1 in G minor
63%
26Piano, Violin, Viola, CelloPiano Quartet No. 2 in A major
63%
60Piano, Violin, Viola, CelloPiano Quartet No. 3 in C minor
63%
111Violins, Violas, CelloString Quintet in G major
63%
88Violins, Violas, CelloString Quintet No. 1 in F major
63%
39Piano16 Waltzes
50%
79Piano2 Rhapsodies
50%
53Chorus, Orchestra(Alto-)Rhapsody
50%
115Clarinet, Violins, Viola, CelloClarinet Quintet in B minor
50%
35PianoEtudes for Piano: Variations on a Theme of Paganini
50%
4PianoScherzo in Eb minor
50%
11OrchestraSerenade No. 1 in D major
50%
16OrchestraSerenade No. 2 in A major
50%
81OrchestraTragic Overture
50%
10Piano4 Ballades
38%
75Voice, Piano4 Ballades and Romances
38%
119Piano4 Pieces for Piano
38%
118Piano6 Pieces for Piano
38%
116Piano7 Fantasies
38%
76Piano8 Pieces for Piano
38%
80OrchestraAcademic Festival Overture
38%
52Voice, PianoLiebeslieder-Walzer
38%
65Voice, PianoNeue Liebeslieder
38%
54Chorus, OrchestraSchicksalslied
38%
24PianoVariations and Fugue on a Theme by Handel in Bb major
38%
56Orchestra/2 PianosVariations on a Theme by Haydn
38%
122Organ11 Chorale Preludes
25%
29Chorus2 Motets
25%
74Chorus2 Motets
25%
110Chorus3 Motets
25%
64Voice3 Quartets
25%
31Voice, Piano3 Quartets
25%
37Chorus3 sacred Choruses
25%
92Voice4 Quartets
25%
112Voice, Piano6 Quartets
25%
89Chorus, OrchestraGesang der Parzen
25%
82Chorus, OrchestraNänie
25%
33Voice, PianoRomanzen aus L. Tieck's Magelone
25%
9PianoVariations on a Theme by Robert Schumann in F# minor
25%
23PianoVariations on a Theme by Schumann
25%
113Chorus13 Canons
13%
20Voice, Piano3 Duets
13%
28Voice, Piano4 Duets
13%
61Voice, Piano4 Duets
13%
66Voice, Piano5 Duets
13%
13Chorus, WindsBegräbnisgesang
13%
30Chorus, OrganGeistliches Lied
13%
22ChorusMarienlieder
13%
50Chorus, OrchestraRinaldo, cantata
13%
93bChorus, PianoTafellied
13%
55Chorus, Orchestra, OrganTriumphlied
13%
19Voice, Piano5 Poems
0%
12Chorus, OrchestraAve Maria
0%
109ChorusFest- und Gedenksprüche
0%
27Chorus, Organ/PianoPsalm 13
0%
103Voice, PianoZigeunerlieder
0%

Score Distribution

Percentile by Number Answered

Percent of People with Each Score

Your Score History

You have not taken this quiz